000 01260nab a2200229 i 4500
001 768714001
003 CO-MdFUSB
005 20240522155829.0
008 240522t1974 sp ||||| |||| 00| 0 spa d
040 _bspa
_cCO-MdFUSB
_dCO-MdFUSB
041 _aspa
100 _aSiebert, Rudolf J.,
_d1927-
_eautor
245 3 _aLa religión en la perspectiva de la sociología crítica
_c/ Rudolf Siebert ; traducido por Jesús Valiente Malla
520 _aNos proponemos examinar la teoría de la religión propuesta por la sociología crítica de la Escuela de Francfort. Esta teoría crítica de la religión sólo puede entenderse en el contexto de la estructura fundamental de la sociología crítica. Hay que poner primero en claro esa estructura; con ella como trasfondo, pasaremos luego a estudiar los principales aspectos de la teoría crítica de la religión.
650 7 _aSociología cristiana
_9405
650 7 _aIglesia
_9655
650 7 _aReligión
_9385
700 _aValiente Malla, Jesús,
_etraductor
773 0 _049450
_982671
_oR2581
_tRevista internacional de teología Concilium
_w(CO-MdFUSB)8
_x0210-1041
_gNúmero 91, (enero, 1974), páginas: 52 - 67
_qpágina: 52
942 _cANA
945 _aCatherine Arias Alvarez - Practicante SENA
999 _c69845
_d69845